[Event "Florianopolis op 10th"]
[Site "Florianopolis"]
[Date "2024.01.24"]
[Round "6"]
[White "Spagnollo, Pedro Henrique"]
[Black "Gruettner, Ralf"]
[Result "1-0"]
[WhiteElo "1445"]
[BlackElo "2071"]
[PlyCount "55"]
[EventDate "2024.01.20"]
[EventType "swiss"]
[EventRounds "10"]
[EventCountry "BRA"]
[SourceTitle "CB05_2024"]
[SourceDate "2024.01.31"]
[SourceVersion "1"]
[SourceVersionDate "2024.01.31"]
[SourceQuality "1"]

1. e4 c5 2. Nc3 Nc6 3. f4 e6 4. Nf3 a6 5. d3 d6 6. g3 Nf6 7. Bg2 Be7 8. 0-0 0-0 9. h3 Rb8 10. g4 Kh8 11. g5 Ng8 12. h4 d5 13. h5 d4 14. Ne2 f6 15. a3 Bd7 16. Qe1 fxg5 17. fxg5 h6 18. gxh6 Nxh6 19. Nf4 Kh7 20. Ng6 Rg8 21. Qg3 Be8 22. Bg5 Bxg6 23. hxg6+ Kh8 24. Bxe7 Qxe7 25. Ng5 Rgf8 26. Nf7+ Nxf7 27. Rxf7 Rxf7 28. Qh3+ 1-0

[Event "Florianopolis op 10th"]
[Site "Florianopolis"]
[Date "2024.01.23"]
[Round "5"]
[White "Muzzi, Eduardo"]
[Black "Spagnollo, Pedro Henrique"]
[Result "0-1"]
[WhiteElo "1913"]
[BlackElo "1445"]
[PlyCount "85"]
[EventDate "2024.01.20"]
[EventType "swiss"]
[EventRounds "10"]
[EventCountry "BRA"]
[SourceTitle "CB05_2024"]
[SourceDate "2024.01.31"]
[SourceVersion "1"]
[SourceVersionDate "2024.01.31"]
[SourceQuality "1"]

1. e4 c5 2. Nf3 d6 3. d4 cxd4 4. Nxd4 Nf6 5. Nc3 a6 6. h3 e5 7. Nde2 b5 8. g4 Bb7 9. Bg2 b4 10. Nd5 Nxd5 11. exd5 Be7 12. 0-0 0-0 13. Ng3 g6 14. Bh6 Re8 15. Qd2 a5 16. Ne4 Nd7 17. Be3 f5 18. gxf5 gxf5 19. Ng5 f4 20. Ne6 Qc8 21. Qe2 Nf6 22. Bb6 Ba6 23. Qf3 Bxf1 24. Bxf1 Kh8 25. Nc7 Rg8+ 26. Kh1 Qb7 27. Nxa8 Rxa8 28. Bd4 exd4 29. Qxf4 Rc8 30. Bg2 Rxc2 31. Qxd4 Qc7 32. Re1 Kg7 33. Re6 Kf7 34. Bf3 Qc5 35. Qxc5 Rxc5 36. Re2 Nxd5 37. Bh5+ Kf6 38. Bg4 Nc7 39. Re3 Rc2 40. Rf3+ Kg7 41. Bh5 Bf6 42. Rg3+ Kh6 43. Bd1 0-1

[Event "Florianopolis op 10th"]
[Site "Florianopolis"]
[Date "2024.01.20"]
[Round "1"]
[White "Silva, Guilherme Henrique"]
[Black "Spagnollo, Pedro Henrique"]
[Result "1/2-1/2"]
[WhiteElo "2068"]
[BlackElo "1445"]
[PlyCount "147"]
[EventDate "2024.01.20"]
[EventType "swiss"]
[EventRounds "10"]
[EventCountry "BRA"]
[SourceTitle "CB05_2024"]
[SourceDate "2024.01.31"]
[SourceVersion "1"]
[SourceVersionDate "2024.01.31"]
[SourceQuality "1"]

1. e4 c5 2. Nf3 d6 3. d4 cxd4 4. Qxd4 e5 5. Bb5+ Nd7 6. Qd3 a6 7. Bxd7+ Bxd7 8. c4 Nf6 9. Nc3 Be7 10. Bg5 Be6 11. 0-0 0-0 12. Rfd1 Qc7 13. b3 Rfd8 14. Nd2 Rac8 15. Rac1 h6 16. Bxf6 Bxf6 17. Nf1 Bg5 18. Ne3 Bxe3 19. Qxe3 Qc5 20. Qd2 Bg4 21. Re1 Be6 22. h3 Qa5 23. Qb2 Qb6 24. Qa3 Qc5 25. b4 Qb6 26. Nd5 Bxd5 27. exd5 Qd4 28. Red1 Qe4 29. Qa5 Qe2 30. Qb6 Rd7 31. c5 dxc5 32. bxc5 Qxa2 33. Ra1 Qc4 34. Rac1 Qe4 35. f3 Qe3+ 36. Kh1 Rxd5 37. Re1 Qa3 38. Qxb7 Rcxc5 39. Ra1 Qc3 40. Reb1 Rb5 41. Qa8+ Kh7 42. Rc1 Qd2 43. Qc8 Qg5 44. Rc4 Rd4 45. Rc2 Rbd5 46. Rcc1 Rd2 47. Rg1 h5 48. Qxa6 Rb2 49. Ra2 Rb4 50. Qe2 Rbd4 51. Ra7 Rd2 52. Qe1 f5 53. Ra8 Rd8 54. Rxd8 Rxd8 55. Qxe5 Rd2 56. f4 Qg6 57. Qe3 Qd6 58. Qf3 g6 59. Rc1 Rd4 60. Rf1 Re4 61. Qg3 Qe7 62. Rd1 Qc7 63. Rf1 Qc5 64. Qf2 Qc7 65. Qd2 Qe7 66. Rb1 Re2 67. Qc3 Re4 68. Rb8 Qg7 69. Qc8 Re7 70. h4 Rc7 71. Qd8 Rd7 72. Qg5 Rd1+ 73. Kh2 Qa7 74. Rb6 1/2-1/2

[Event "Joacaba op 2nd"]
[Site "Joacaba"]
[Date "2023.07.01"]
[Round "4"]
[White "Marchetti, Luana Negri"]
[Black "Spagnollo, Pedro Henrique"]
[Result "1/2-1/2"]
[WhiteElo "1742"]
[BlackElo "1415"]
[PlyCount "43"]
[EventDate "2023.06.30"]
[EventType "swiss"]
[EventRounds "6"]
[EventCountry "BRA"]
[SourceTitle "CBM 215 Extra"]
[Source "ChessBase"]
[SourceDate "2023.09.30"]
[SourceVersion "1"]
[SourceVersionDate "2023.09.30"]
[SourceQuality "1"]

1. d4 Nf6 2. Nf3 g6 3. Bg5 Bg7 4. c4 h6 5. Bxf6 Bxf6 6. Nc3 d6 7. e4 Nc6 8. d5 Ne5 9. h3 c6 10. Rc1 Bd7 11. a3 c5 12. Nxe5 Bxe5 13. Be2 0-0 14. Bg4 f5 15. exf5 Bxf5 16. Bxf5 Rxf5 17. Qg4 Qe8 18. 0-0 e6 19. dxe6 Rg5 20. Qh4 Rh5 21. Qg4 Rg5 22. Qh4 1/2-1/2

[Event "Florianopolis op 9th"]
[Site "Florianopolis"]
[Date "2023.01.28"]
[Round "8"]
[White "De Almeida, Leticia Moraes"]
[Black "Spagnollo, Pedro Henrique"]
[Result "1/2-1/2"]
[WhiteElo "1731"]
[BlackElo "1379"]
[PlyCount "111"]
[EventDate "2023.01.23"]
[EventType "swiss"]
[EventRounds "10"]
[EventCountry "BRA"]
[SourceTitle "CBM 212 Extra"]
[Source "ChessBase"]
[SourceDate "2023.03.31"]
[SourceVersion "1"]
[SourceVersionDate "2023.03.31"]
[SourceQuality "1"]

1. e4 e6 2. d4 d5 3. exd5 exd5 4. Nf3 Bd6 5. Nc3 Ne7 6. Bg5 c6 7. Bd3 h6 8. Be3 Bf5 9. Ne5 Nd7 10. Nxd7 Qxd7 11. Qd2 0-0-0 12. Na4 Bxd3 13. Qxd3 Qg4 14. g3 Qf3 15. Kd2 Nf5 16. Rhe1 Rhe8 17. Rab1 b5 18. Nc5 Bxc5 19. dxc5 d4 20. Bf4 Qxf2+ 21. Re2 Rxe2+ 22. Qxe2 Qxe2+ 23. Kxe2 Rd5 24. b4 a5 25. a3 g5 26. Bd2 Ne7 27. bxa5 Rxc5 28. Bb4 Re5+ 29. Kd3 c5 30. Be1 Re3+ 31. Kd2 Nd5 32. Rxb5 Nc3 33. Rxc5+ Kb7 34. Rf5 Re2+ 35. Kd3 Rxe1 36. Kxd4 Nb1 37. Rf6 Rd1+ 38. Kc5 Nxa3 39. a6+ Ka7 40. c3 Rd7 41. Rxh6 Re7 42. Rf6 Nc2 43. h4 gxh4 44. gxh4 Ne3 45. Kd6 Re4 46. Rxf7+ Kxa6 47. h5 Rh4 48. Rh7 Kb5 49. Ke6 Kc4 50. Kf6 Kxc3 51. Kg5 Rg4+ 52. Kf6 Rf4+ 53. Ke6 Rb4 54. Kf6 Kd2 55. h6 Ke2 56. Kg6 1/2-1/2

[Event "Florianopolis op 9th"]
[Site "Florianopolis"]
[Date "2023.01.28"]
[Round "9"]
[White "Spagnollo, Pedro Henrique"]
[Black "De Souza, Samuel de Deus"]
[Result "1-0"]
[WhiteElo "1379"]
[BlackElo "1800"]
[PlyCount "61"]
[EventDate "2023.01.23"]
[EventType "swiss"]
[EventRounds "10"]
[EventCountry "BRA"]
[SourceTitle "CBM 212 Extra"]
[Source "ChessBase"]
[SourceDate "2023.03.31"]
[SourceVersion "1"]
[SourceVersionDate "2023.03.31"]
[SourceQuality "1"]

1. d4 d5 2. c4 e6 3. Nf3 Nc6 4. g3 b6 5. Bg2 Bb7 6. 0-0 Bd6 7. Nbd2 Qf6 8. e3 Ba6 9. Qc2 0-0-0 10. Re1 Bb7 11. c5 bxc5 12. dxc5 Be7 13. Rb1 Nh6 14. b4 a6 15. a4 e5 16. b5 Nb8 17. Bb2 axb5 18. Bxe5 Qg6 19. Qxg6 hxg6 20. Bxg7 Rh7 21. Bxh6 Rxh6 22. Rxb5 Bc6 23. Ra5 Nd7 24. Nd4 Nb8 25. Rb1 Kd7 26. e4 dxe4 27. Nxe4 Rdh8 28. h4 Rxh4 29. gxh4 Rxh4 30. Nxc6 Nxc6 31. Rd1+ 1-0